MARC

LEADER 00000nam0a2200000 4500
001 365528
005 20231102011807.0
035 |a (RuTPU)RU\TPU\retro\22891 
035 |a RU\TPU\retro\22887 
090 |a 365528 
100 |a 20220112d1953 k y0rusy50 ca 
101 0 |a rus 
102 |a RU 
105 |a af z 001zy 
200 1 |a Петрология Выборгского массива рапакиви  |f Д. А. Великославинский  |g Академия наук СССР, Институт геологических наук 
210 |a Москва  |a Ленинград  |c Изд-во АН СССР  |d 1953 
215 |a 142 стр. 
225 1 |a Труды Лаборатории геологии докембрия  |v Вып. 3 
320 |a Библиогр. в конце ст. 
606 1 |a Рапакиви  |2 stltpush  |3 (RuTPU)RU\TPU\subj\23794  |9 48322 
610 1 |a геологическая история 
610 1 |a петрология 
610 1 |a рапакиви 
610 1 |a Выборгский массив 
610 1 |a структура 
610 1 |a краткие сведения 
675 |a 552.321.1  |v 3 
700 1 |a Великославинский  |b Д. А. 
702 1 |a Полканов  |b А. А.  |c петрограф  |c геолог  |f 1888-1963  |g Александр Алексеевич  |2 stltpush  |3 (RuTPU)RU\TPU\pers\23902  |4 340  |9 10546 
702 1 |a Елисеев  |b Н. А.  |c геолог, петрограф  |c член корреспондент АН СССР  |f 1897-1966  |g Николай Александрович  |2 stltpush  |3 (RuTPU)RU\TPU\pers\38442  |4 340  |9 20769 
712 0 2 |a Академия наук СССР  |b Институт геологических наук  |c (Ленинград/Москва)  |c (1937-1956)  |2 stltpush  |3 (RuTPU)RU\TPU\col\15163  |9 26091 
801 0 |a RU  |b 63413507  |c 20011210  |g PSBO 
801 2 |a RU  |b 63413507  |c 20220207  |g PSBO 
942 |c BK